A matter of conviction : (Record no. 11027)

MARC details
000 -LEADER
fixed length control field 01540cam a22003734a 4500
001 - CONTROL NUMBER
control field 15448439
003 - CONTROL NUMBER IDENTIFIER
control field GBCCL
005 - DATE AND TIME OF LATEST TRANSACTION
control field 20251113122135.0
008 - FIXED-LENGTH DATA ELEMENTS--GENERAL INFORMATION
fixed length control field 080912s2008 tnua b 001 0 eng d
020 ## - INTERNATIONAL STANDARD BOOK NUMBER
International Standard Book Number 9780805447552
020 ## - INTERNATIONAL STANDARD BOOK NUMBER
International Standard Book Number 0805447555
035 ## - SYSTEM CONTROL NUMBER
System control number 15448439
035 ## - SYSTEM CONTROL NUMBER
System control number (OCoLC)236121515
040 ## - CATALOGING SOURCE
Original cataloging agency LNB
Transcribing agency LNB
Modifying agency DLC
082 00 - DEWEY DECIMAL CLASSIFICATION NUMBER
Classification number 261.08828
Edition information 22
Item number SUT 1
100 1# - MAIN ENTRY--PERSONAL NAME
Personal name Sutton, Jerry,
Dates associated with a name 1951-
245 12 - TITLE STATEMENT
Title A matter of conviction :
Remainder of title a history of Southern Baptist engagement with the culture /
Statement of responsibility, etc. Jerry Sutton ; foreword by James T. Draper, Jr.
260 ## - PUBLICATION, DISTRIBUTION, ETC.
Place of publication, distribution, etc. Nashville, Tenn. :
Name of publisher, distributor, etc. B & H Pub. Group,
Date of publication, distribution, etc. c2008.
300 ## - PHYSICAL DESCRIPTION
Extent xiv, 502 p. :
Other physical details ill. ;
Dimensions 24 cm.
336 ## - CONTENT TYPE
Content type term text
Content type code txt
Source rdacontent
337 ## - MEDIA TYPE
Media type term unmediated
Media type code n
Source rdamedia
338 ## - CARRIER TYPE
Carrier type term volume
Carrier type code nc
Source rdacarrier
504 ## - BIBLIOGRAPHY, ETC. NOTE
Bibliography, etc. note Includes bibliographical references and indexes.
610 20 - SUBJECT ADDED ENTRY--CORPORATE NAME
Corporate name or jurisdiction name as entry element Southern Baptist Convention.
Subordinate unit Ethics and Religious Liberty Commission
610 20 - SUBJECT ADDED ENTRY--CORPORATE NAME
Corporate name or jurisdiction name as entry element Southern Baptist Convention.
Subordinate unit Christian Life Commission.
650 #0 - SUBJECT ADDED ENTRY--TOPICAL TERM
Topical term or geographic name entry element Christianity and culture
Geographic subdivision United States.
650 #0 - SUBJECT ADDED ENTRY--TOPICAL TERM
Topical term or geographic name entry element Christian ethics.
856 42 - ELECTRONIC LOCATION AND ACCESS
Materials specified Contributor biographical information
Uniform Resource Identifier <a href="http://www.loc.gov/catdir/enhancements/fy0901/2008277013-b.html">http://www.loc.gov/catdir/enhancements/fy0901/2008277013-b.html</a>
856 42 - ELECTRONIC LOCATION AND ACCESS
Materials specified Publisher description
Uniform Resource Identifier <a href="http://www.loc.gov/catdir/enhancements/fy0901/2008277013-d.html">http://www.loc.gov/catdir/enhancements/fy0901/2008277013-d.html</a>
906 ## - LOCAL DATA ELEMENT F, LDF (RLIN)
a 7
b cbc
c copycat
d 2
e ncip
f 20
g y-gencatlg
942 ## - ADDED ENTRY ELEMENTS (KOHA)
Source of classification or shelving scheme Dewey Decimal Classification
Koha item type Books
Suppress in OPAC No
Holdings
Withdrawn status Lost status Source of classification or shelving scheme Damaged status Not for loan Home library Current Library Shelving location Date acquired Total checkouts Full call number Barcode Date last seen Copy number Price effective from Koha item type
    Dewey Decimal Classification     GRACE BIBLE COLLEGE GRACE BIBLE COLLEGE Ministry & Mission 2025-11-13   261.08828 SUT 017306 2025-11-13 c.1 2025-11-13 Books
© Grace Bible College Library 2025